|
|
|
|
| LEADER |
00000nam0a2200000 4500 |
| 001 |
302742 |
| 005 |
20231102001532.0 |
| 035 |
|
|
|a (RuTPU)RU\TPU\book\327952
|
| 090 |
|
|
|a 302742
|
| 100 |
|
|
|a 20150826d1971 k y0rusy50 ca
|
| 101 |
0 |
|
|a rus
|
| 102 |
|
|
|a RU
|
| 105 |
|
|
|a a z 001zy
|
| 200 |
1 |
|
|a Крупноблочные комплектные устройства для управления электроприводами
|f А. Л. Кац, П. И. Ясвен
|
| 210 |
|
|
|a Москва
|c Энергия
|d 1971
|
| 215 |
|
|
|a 320 с.
|c ил.
|
| 320 |
|
|
|a Библиогр.: с. 318.
|
| 606 |
1 |
|
|a Электроприводы
|x Управление
|2 stltpush
|3 (RuTPU)RU\TPU\subj\20697
|9 45783
|
| 606 |
1 |
|
|a Щиты станций управления
|2 stltpush
|3 (RuTPU)RU\TPU\subj\19704
|9 44879
|
| 610 |
1 |
|
|a станции
|
| 610 |
1 |
|
|a щиты управления
|
| 610 |
1 |
|
|a распределительные устройства
|
| 610 |
1 |
|
|a защита
|
| 610 |
1 |
|
|a сигнализация
|
| 610 |
1 |
|
|a документация
|
| 610 |
1 |
|
|a комплектные устройства
|
| 610 |
1 |
|
|a пульты управления
|
| 610 |
1 |
|
|a техническая документация
|
| 610 |
1 |
|
|a таблицы
|
| 610 |
1 |
|
|a схемы
|
| 610 |
1 |
|
|a рекомендации
|
| 610 |
1 |
|
|a конструкции
|
| 675 |
|
|
|a 62-83-5
|v 3
|
| 675 |
|
|
|a 621.316.34
|v 3
|
| 700 |
|
1 |
|a Кац
|b А. Л.
|g Абрам Лазаревич
|
| 701 |
|
1 |
|a Ясвен
|b П. И.
|g Петр Израилович
|
| 801 |
|
1 |
|a RU
|b 63413507
|c 20150826
|
| 801 |
|
2 |
|a RU
|b 63413507
|c 20150915
|g RCR
|
| 942 |
|
|
|c BK
|